000 00461cam a22001337a 4500
008 180718b2011 xxu||||| |||| 00| 0 eng d
082 _aA81x54 011/2/Pap 1/2011
100 _aCensus of India 2011
245 _aJammu and Kashmir: provisional population totals
260 _aJammu
_bDirectorate of Census Operations
_c2011
300 _a122p.
440 _aCensus of India 2011. Series-2, Jammu and Kashmir. Paper 1 of 2011
650 _aJammu and Kashmir - Census
999 _c484395
_d484395